Pseudonymes d'acteurs célèbres - Statistiques

Statistiques générales
  • Ce quiz a été pris 82 fois
  • Le résultat moyen est 5 sur 12
Statistiques - réponses
Nom Indice Réponse % Correct
André Raimbourg D'abord ses souliers, puis son vélo... Bourvil
81%
Jacky Boufroura Rend visite à Le Glaude et Le Bombé Jacques Villeret
65%
Norma Mortensen S'est mariée avec une star du baseball Marilyn Monroe
59%
Daniel Hamidou Son record reste imbattu depuis 2008 Dany Boon
57%
Sylvette Herry A souvent tourné avec Blier Miou-Miou
51%
Issur Demsky Est décédé à l'âge de 103 ans Kirk Douglas
48%
Archibald Leach Menton en fesses d'ange Cary Grant
29%
Léonie Bathiat Muse du réalisme poétique Arletty
27%
Frances Gumm Sa fille a chanté "New York, New York" Judy Garland
23%
Françoise Dreyfus Danse dans les cabarets sous le nom de Lola Anouk Aimée
15%
Eric Bishop Apparaît sur le 2e album de Kanye West Jamie Foxx
12%
Mark Vincent Double un robot géant Vin Diesel
7%
Aucun quiz correspondant
Distribution des résultats
% des personnes avec chaque résultat
Percentile par nombre de réponses
Votre historique - résultats
Vous n’avez pas pris ce quiz